000 00598cam a22002172a 4500
001 024513
003 AR-FADEU
008 311216n1994####xxu####################dd
020 _a84-206-2770-4
092 _a320.531 5
_bM552
_eBDT
100 _aMerkel, Wolfgang, ed.
245 _aEntre la modernidad y el postmaterialismo : la socialdemocracia europea a finales del siglo XX
260 _aMadrid
260 _bAlianza
260 _c1994
300 _a211 p
440 _aAlianza, universidad
_n770
700 _aK., Armingeon
650 _aSOCIALDEMOCRACIA-EUROPA/BDT/
942 _cBDT
999 _c30200
_d30200